The complete architecture handbook : (Record no. 45329)
[ view plain ]
| 000 -LEADER | |
|---|---|
| fixed length control field | 00828cam a2200229 a 4500 |
| 001 - CONTROL NUMBER | |
| control field | vtls003031072 |
| 003 - CONTROL NUMBER IDENTIFIER | |
| control field | MY-SjTCS |
| 005 - DATE AND TIME OF LATEST TRANSACTION | |
| control field | 20200306163801.0 |
| 008 - FIXED-LENGTH DATA ELEMENTS--GENERAL INFORMATION | |
| fixed length control field | 110218s2006 nyuab f 001 0 eng d |
| 020 ## - INTERNATIONAL STANDARD BOOK NUMBER | |
| International Standard Book Number | 0060893214 (hbk.) |
| 039 #9 - LEVEL OF BIBLIOGRAPHIC CONTROL AND CODING DETAIL [OBSOLETE] | |
| Level of rules in bibliographic description | 201102181215 |
| Level of effort used to assign nonsubject heading access points | VLOAD |
| Level of effort used to assign subject headings | 200610121701 |
| Level of effort used to assign classification | pushpa |
| -- | 200610061111 |
| -- | fadilah |
| 082 04 - DEWEY DECIMAL CLASSIFICATION NUMBER | |
| Classification number | 720.9 |
| Item number | NUT |
| 100 1# - MAIN ENTRY--PERSONAL NAME | |
| Personal name | Nuttgens, Patrick. |
| 9 (RLIN) | 13015 |
| 245 14 - TITLE STATEMENT | |
| Title | The complete architecture handbook : |
| Remainder of title | from the first civilizations to the present day / |
| Statement of responsibility, etc. | Patrick Nuttgens with Richard Weston. |
| 260 ## - PUBLICATION, DISTRIBUTION, ETC. | |
| Place of publication, distribution, etc. | New York : |
| Name of publisher, distributor, etc. | Collins Design, |
| Date of publication, distribution, etc. | 2006. |
| 300 ## - PHYSICAL DESCRIPTION | |
| Extent | 208 p. : |
| Other physical details | ill., map ; |
| Dimensions | 22 cm. |
| 500 ## - GENERAL NOTE | |
| General note | Includes index. |
| 650 #0 - SUBJECT ADDED ENTRY--TOPICAL TERM | |
| Topical term or geographic name entry element | Architecture |
| General subdivision | History. |
| 9 (RLIN) | 7995 |
| 650 #0 - SUBJECT ADDED ENTRY--TOPICAL TERM | |
| Topical term or geographic name entry element | Architectural design |
| General subdivision | History. |
| 9 (RLIN) | 239598 |
| 700 1# - ADDED ENTRY--PERSONAL NAME | |
| Personal name | Weston, Richard, |
| Dates associated with a name | 1953- |
| 9 (RLIN) | 15620 |
| 920 ## - Programme | |
| Programme | BLT(DIP): 525178, 525179 |
| Withdrawn status | Lost status | Source of classification or shelving scheme | Damaged status | Not for loan | Home library | Current library | Date acquired | Total Checkouts | Barcode | Date last checked out | Copy number | Koha item type | Public note | Date last seen |
|---|---|---|---|---|---|---|---|---|---|---|---|---|---|---|
| Withdrawn | Not Returned | Dewey Decimal Classification | Taylor's Library-TU | Taylor's Library-TU | 06/10/2006 | 67 | 1001004870 | 29/05/2015 | 1 | Main Collection | SABDx,23003,02,GR | |||
| Missing Stock take | Dewey Decimal Classification | Taylor's Library-TU | Taylor's Library-TU | 06/10/2006 | 52 | 1001004871 | 30/04/2013 | 1 | Main Collection | SABDx,23003,02,GR | 05/12/2019 |